ZEFEKTÍVNENIE VEREJNÉHO OBSTARÁVANIA ZAVEDENÍM SYSTÉMU CENTRALIZOVANÉHO VEREJNÉHO OBSTARÁVANIA

Bibliographic Details
Format: Article
Language:Slovak

MARC

LEADER 00000nab a2200000ua 4500
001 vtls010848895
003 SK-MaSNL
005 20260225184324.0
008 230121s2006 xo |||||||||||||||||slo|
035 |a (urnnbn)urn:nbn:sk:snk:ar-a078xl 
035 |a urn:nbn:sk:snk-ab69px 
035 |a (uuid)473fa1bc-7a08-4665-a1f9-37b536c4992b 
040 |a SNKBUCL  |b slo  |c SNKBUCL  |e AACR2 
041 0 |a slo 
044 |a xo  |c SK 
245 0 0 |a ZEFEKTÍVNENIE VEREJNÉHO OBSTARÁVANIA ZAVEDENÍM SYSTÉMU CENTRALIZOVANÉHO VEREJNÉHO OBSTARÁVANIA 
773 0 |t Manažment, mzdy a financie : časopis pre ekonómov, podnikateľov, podniky a organizácie  |g Roč. 13, č. 12 (2006), s. 73-84 
954 |a odborná, vedecká literatúra pôvodná (slovenská)  |2 lita 
958 |a OND 
958 |a EUIPO 
958 |a article5 
999 |c 1878079  |d 1880009